Variability and character associations in different sets of the 1981 IRRDB wild Hevea germplasm in India (Record no. 49941)

MARC details
000 -LEADER
fixed length control field 00479nam a2200169Ia 4500
100 ## - MAIN ENTRY--AUTHOR NAME
Personal name Rao G P
245 #0 - TITLE STATEMENT
Title Variability and character associations in different sets of the 1981 IRRDB wild Hevea germplasm in India
650 ## - SUBJECT ADDED ENTRY--TOPICAL TERM
Topical Term Characterization
650 ## - SUBJECT ADDED ENTRY--TOPICAL TERM
Topical Term Conservation
650 ## - SUBJECT ADDED ENTRY--TOPICAL TERM
Topical Term Evaluation
650 ## - SUBJECT ADDED ENTRY--TOPICAL TERM
Topical Term Hevea brasiliensis
650 ## - SUBJECT ADDED ENTRY--TOPICAL TERM
Topical Term Variation
650 ## - SUBJECT ADDED ENTRY--TOPICAL TERM
Topical Term Wild germplasm
700 ## - ADDED ENTRY--PERSONAL NAME
Personal name Reghu C P
942 ## - ADDED ENTRY ELEMENTS (KOHA)
Koha item type Bibliography STAF
Holdings
Withdrawn status Lost status Damaged status Not for loan Home library Current library Shelving location Date acquired Koha item type
      Bibliography RRII Library RRII Library Germaplsm 03/08/2011 Bibliography STAF